Guia metodologica del Seminario en la enseñanza media/ (Registro nro. 9970)

Detalles MARC
000 -LEADER
fixed length control field 00889nam a2200181Ia 4500
005 - FECHA Y HORA DE LA ÚLTIMA TRANSACCIÓN
control field 20231029103852.0
008 - FIXED-LENGTH DATA ELEMENTS--GENERAL INFORMATION
fixed length control field 231028s9999 xx 000 0 und d
040 ## - CATALOGING SOURCE
Original cataloging agency UPAN
Transcribing agency Biblioteca San Vicente
Description conventions RCAA19
041 ## - LANGUAGE CODE
Language code of text/sound track or separate title spa
082 ## - DEWEY DECIMAL CLASSIFICATION NUMBER
Classification number 373
Item number N548g
año de publicación 1995
100 ## - MAIN ENTRY--PERSONAL NAME
Personal name Nieves, Luis Francisco
Relator code aut.
245 #0 - TITLE STATEMENT
Title Guia metodologica del Seminario en la enseñanza media/
Statement of responsibility, etc Luis Francisco Nieves
260 ## - PUBLICATION, DISTRIBUTION, ETC. (IMPRINT)
Place of publication, distribution, etc Guatemala:
Name of publisher, distributor, etc Piedra Santa,
Date of publication, distribution, etc 1995
300 ## - PHYSICAL DESCRIPTION
Extent 80 p.;
Dimensions 21 cm.
505 ## - FORMATTED CONTENTS NOTE
Formatted contents note I. El seminario y su organización inicial<br/>II. El tema de investigación de seminario<br/>III. La definición del problema a investigarse en el seminario<br/>IV. La recolección de datos y uso de resultados para el informe escrito del seminario<br/>V. La compòsicion del informe escrito del seminario <br/>VI. bibliografía básica recomendada
650 ## - SUBJECT ADDED ENTRY--TOPICAL TERM
Source of heading or term LEMB
Topical term or geographic name as entry element Investigación científica
9 (RLIN) 3
942 ## - ADDED ENTRY ELEMENTS (KOHA)
Koha item type Libros
Source of classification or shelving scheme Dewey Decimal Classification
Existencias
Withdrawn status Lost status Source of classification or shelving scheme Damaged status Not for loan Collection code Home library Current library Date acquired Total Checkouts Full call number Barcode Date last seen Copy number Price effective from Koha item type
    Dewey Decimal Classification     Referencia Biblioteca UPAN San Vicente Biblioteca UPAN San Vicente 28/10/2023   373 N548g 12002275 28/10/2023 01 28/10/2023 Libros